Central Library OPAC University of Rajshahi

The verbal structure in colloquial Bengali / (Record no. 61027)

MARC details
000 -LEADER
fixed length control field 00790nam a2200265 a 4500
001 - CONTROL NUMBER
control field 61027
003 - CONTROL NUMBER IDENTIFIER
rucl marc code BD-RjUL
005 - DATE AND TIME OF LATEST TRANSACTION
control field 20211209080919.0
008 - FIXED-LENGTH DATA ELEMENTS--GENERAL INFORMATION
fixed length control field 170114s1985 bg b f001 0 eng
020 ## - INTERNATIONAL STANDARD BOOK NUMBER
Terms of availability Tk200.00
035 ## - SYSTEM CONTROL NUMBER
System control number (BD-RjUL)61151
040 ## - CATALOGING SOURCE
Original cataloging agency DLC
Transcribing agency DLC
Modifying agency BD-RjUL
Language of cataloging eng
041 0# - LANGUAGE CODE
Language code of text/sound track or separate title engben
082 00 - DEWEY DECIMAL CLASSIFICATION NUMBER
Classification number 491.445
Edition number 23
Author mark and year MUV 1985
100 1# - MAIN ENTRY--PERSONAL NAME
Personal name Muhammada, Kājī Dīna.
9 (RLIN) 182101
245 14 - TITLE STATEMENT
Title The verbal structure in colloquial Bengali /
Statement of responsibility, etc. Qazi Din Muhammad.
250 ## - EDITION STATEMENT
Edition statement 1st ed.
260 ## - PUBLICATION, DISTRIBUTION, ETC. (IMPRINT)
Place of publication, distribution, etc. Dhaka :
Name of publisher, distributor, etc. Bangla Academy,
Date of publication, distribution, etc. 1985.
300 ## - PHYSICAL DESCRIPTION
Pagination vi, 341 p. :
Illustrations ill. ;
Size 25 cm.
504 ## - BIBLIOGRAPHY, ETC. NOTE
Bibliography, etc Includes index and bibliography
650 #0 - SUBJECT ADDED ENTRY--TOPICAL TERM
Topical term or geographic name as entry element Bengali language
General subdivision Verb.
9 (RLIN) 182102
Topical term or geographic name as entry element Bengali language
General subdivision Spoken Bengali.
9 (RLIN) 182103
942 ## - ADDED ENTRY ELEMENTS (KOHA)
Source of classification or shelving scheme Dewey Decimal Classification
Koha item type Books
Holdings
Lost status Source of classification or shelving scheme Damaged status Not for loan Collection code Permanent Location Current Location Shelving location Date acquired Source of acquisition Cost, normal purchase price Total Checkouts Full call number Date last seen Copy number Koha item type
  Dewey Decimal Classification   Not For Loan Non-fiction Central Library, University of Rajshahi Central Library, University of Rajshahi Rare Book Section 25/06/1990 Bangla Academy, Dhaka 200.00   491.445 MUV 1985 14/01/2017 C-1 Books